000 00238nam a2200097Ia 4500
005 20251222114359.0
008 251222s1900||||xx |||||||||||||| ||spa||
082 _aDVD0070/A42/2002
245 0 _aLa noche del crimen:People I Know
942 _cDVD
999 _c1557
_d1557